Romances sans paroles
Salvato in:
| Autore principale: | |
|---|---|
| Natura: | Libro |
| Lingua: | Undetermined |
| Pubblicazione: |
París, Francia
Albert Messein
1925
|
| Soggetti: | |
| Tags: |
Aggiungi Tag
Nessun Tag, puoi essere il primo ad aggiungerne!!
|
MARC
| LEADER | 00000nam a2200000Ia 4500 | ||
|---|---|---|---|
| 008 | 170316s9999 xx 000 0 und d | ||
| 040 | |a cru BVZT | ||
| 090 | |a 840 V-9r | ||
| 100 | |a Verlaine, Paul | ||
| 245 | |a Romances sans paroles | ||
| 260 | |a París, Francia | ||
| 260 | |b Albert Messein | ||
| 260 | |c 1925 | ||
| 300 | |a 49 páginas | ||
| 650 | |a LITERATURA FRANCESA | ||
| 999 | |c 8070 |d 8070 | ||
| 942 | |c 15 D |h 840 V-9r |2 z | ||
